000
00320nam a22001457a 4500
008
210305b ||||| |||| 00| 0 eng d
020
_a
9780155415768
041
_a
eng
080
_2
2nd
_a
51
082
_a
51
100
_a
36
101
_a
MAT
245
_a
Introductory Combinatorics
_c
Bogart, K.P
942
_2
udc
_c
BK
999
_c
55878
_d
55878